000
00321nam a2200145Ia 4500
008
090707b ii f a fnsan d
020
_a
9382804331
100
_a
Jinder
_9
4840
245
_a
1947 Alle Zakhman Di Dastan
260
_a
Patiala
260
_b
Sangam Pub.
260
_c
2013
300
_a
627p
942
_c
BK
999
_c
27211
_d
27211